00337nam a2200145Ia 45000030006000000080041000060400015000471000023000622450049000852500006001342600014001403000006001545460014001600050017001740STCL150530s9999 xx 000 0 und d aSTCLcSTCL aBalakrishnan, B.C. aKuttikalude Bhagavatgeetha - Amruthavarshini a1 c2006aTVM a0 aMalayalam20220125171632.0